| 000 | 00938nam a22002297a 4500 | ||
|---|---|---|---|
| 999 |
_c22693 _d22693 |
||
| 003 | OSt | ||
| 005 | 20230810093150.0 | ||
| 008 | 230810b ||||| |||| 00| 0 eng d | ||
| 040 |
_aMunicipalidad Provincial del Cusco _bspa _cBiblioteca Municipal del Cusco |
||
| 082 |
_a985.622 / _bM95 |
||
| 110 |
_aMunicipalidad Provincial de Carabaya _948878 |
||
| 245 |
_aCarabaya / _bLegado cultural y natural |
||
| 250 |
_aCusco: _bMunicipalidad Provincial de Carabaya, 2022 |
||
| 260 |
_aCusco: _bCorporación Gráfica Colorgraf S.R.L., _c2022 |
||
| 300 |
_a291 páginas; _b il. col.; diagrs. ; mapas ; plano ; _c25 cm. |
||
| 505 | _aCarabaya en la bibliografía -- El patrimonio arqueológico de Carabaya: avances en su estudio -- El patrimonio natural | ||
| 650 | 0 |
_914546 _aProvincia de Carabaya. |
|
| 650 | 0 |
_912199 _aArte rupestre. |
|
| 700 |
_91118 _aHostnig, Rainer _eDirección General |
||
| 942 |
_2ddc _cLIBROS |
||
| 945 |
_avcp _d2023-08-10 |
||